00699nam a2200193Ia 450000500170000000800410001702000180005804000130007608200210008910000210011024500630013126000550019430000180024954600120026765000370027994200090031695201630032599900170048820260402145904.0231207s9999 xx 000 0 und d a9789057020889 cPK-LaNCA aFTV 891.852bPOL aSegel, Harold B. 0aPolish romantic drama : three plays in English translation bHarwood Academic PublishersaThe Netherlandsc1997 axv, 283pbill aEnglish aPolish drama--19th century. FTV. cF&TV 0010406FTV_891_852000000000000_POL_2421470919992aNCAbNCAcFilm & TV d2023-12-08l0oFTV 891.852 POL 24214p24214r2023-12-08 00:00:00w2023-12-08yF&TV c19992d19992